2006ワールドカップ総合順位 - Statistics

General Stats
  • This quiz has been taken 121 times
  • The average score is 21 of 32
Answer Stats
成績 順位 答え % Correct
グループステージ敗退 29位 日本
99%
ベスト8 5位 ブラジル
97%
準優勝 2位 フランス
95%
ベスト8 7位 アルゼンチン
95%
ベスト4 3位 ドイツ
94%
優勝 1位 イタリア
92%
ベスト4 4位 ポルトガル
92%
ベスト8 8位 スペイン
89%
グループステージ敗退 17位 韓国
89%
グループステージ敗退 27位 アメリカ
89%
ベスト8 6位 イングランド
84%
ベスト16 16位 オーストラリア
82%
ベスト16 11位 オランダ
81%
ベスト16 15位 メキシコ
80%
グループステージ敗退 23位 クロアチア
74%
グループステージ敗退 21位 ポーランド
68%
グループステージ敗退 28位 サウジアラビア
66%
グループステージ敗退 26位 イラン
64%
ベスト16 14位 スウェーデン
63%
ベスト16 9位 スイス
60%
グループステージ敗退 18位 パラグアイ
58%
ベスト16 13位 ガーナ
53%
グループステージ敗退 19位 チェコ
53%
ベスト16 12位 エクアドル
52%
グループステージ敗退 20位 コートジボワール
52%
グループステージ敗退 30位 コスタリカ
52%
ベスト16 10位 ウクライナ
51%
グループステージ敗退 24位 チュニジア
46%
グループステージ敗退 31位 トーゴ
25%
グループステージ敗退 22位 アンゴラ
21%
グループステージ敗退 25位 トリニダード・トバゴ
18%
グループステージ敗退 32位 セルビア・モンテネグロ
18%
No matching quizzes found
Score Distribution
Percent of People with Each Score
Percentile by Number Answered
Your Score History
You have not taken this quiz